|
|
|
|
| LEADER |
00000nta a2200000 i 4500 |
| 001 |
dolg34293 |
| 005 |
20210902112156.0 |
| 008 |
210902s2013 hu om 000 hun d |
| 040 |
|
|
|a BGE Dolgozattár Repozitórium
|b hun
|
| 041 |
|
|
|a hu
|
| 100 |
1 |
|
|a Dankó Nándor
|
| 245 |
1 |
2 |
|a A tengeri szállítmányozás, valamint legfontosabb okmánya
|b Bill of Lading: A hajóraklevél kiállítását, használatát övező problémák
|c Dankó Nándor
|h [elektronikus dokumentum]
|
| 260 |
|
|
|c 2013
|
| 695 |
|
|
|a Tengeri árufuvarozás
|
| 695 |
|
|
|a Szállítmányozás
|
| 700 |
1 |
|
|a Nincs adat Nincs adat
|e ths
|
| 856 |
4 |
0 |
|u http://dolgozattar.uni-bge.hu/34293/1/D_16327_Dank%C3%B3%20N%C3%A1ndor.pdf
|z Dokumentum-elérés
|